000 00792nam a2200205 i 4500
001 124860
003 ES-MaACL
005 20230906192518.0
007 t|
008 070423s1931 sp ||||1| spa d
110 2 _aInstituto Nacional de Previsión (España)
_95180
245 1 0 _aInforme del Instituto Nacional de Previsión sobre la constitución de un montepío diplomático.
260 _aMadrid :
_b[s.n.],
_c1931 (
_fImp. y Enc. de los Sobrinos de la Sucesora de M. Minuesa de los Ríos)
300 _a23 p. ;
_c21 cm.
490 1 _aPublicaciones del Instituto Nacional de Previsión ;
_v298
650 4 _aMutualidades-
_zEspaña.
_9162717
830 1 _aPublicaciones del Instituto Nacional de Previsión ;
_v298
_9181151
852 _aES-MaACL
_jC-12629(10)
999 _c124860
_d124860